000 01193nas a2200361 4500
001 BR2010003165
003 BR-BrBNA
005 20231205114109.0
007 ta
008 230509b bl.|||p| |||| 00| 00por d
040 _aBR-BrBNA
_bpor
_cBiblioteca Nacional de Agricultura
041 _a(Pt)
072 _aL51; L50
100 1 _aSousa, D. de P.
100 1 _aCampos, J.M. de S.
100 1 _aValadares Filho, S. de C.
100 1 _aValadares, R.F.D.
100 1 _aSediyama, C.A.Z.
100 1 _aCruz, J.C.C.
245 1 _aParâmetros fermentativos, produção de proteína microbiana, concentrações de ureia no leite e no plasma e balanço de nitrogênio de vacas alimentadas com silagem de milho ou cana-de-açúcar com caroço de algodão
650 _aGADO HOLANDÊS
650 _aUREIA
650 _aLEITE
650 _aRÚMEN
650 _aSILAGEM
650 _aMILHO
650 _aCANA DE AÇÚCAR
650 _aCREATININA
650 _aCOMPOSIÇÃO QUÍMICA
773 0 _tRevista Brasileira de Zootecnia (Brazil)
_xISSN 1516-3598
_g(Oct 2009), v. 38(10) p. 2163-2071
_wBR2010003165
909 _a202311
_bLúcia
_c55
_dLúcia Elande
942 _2AGRIS
_n0
_cANA
999 _c207061
_d207061